00802nam a2200277Ia 4500008004100000040001200041082001600053082001500069100001500084245006800099260001300167260004200180300000900222300000600231300001400237530001700251563001000268600001500278630006800293650002900361650002100390700001500411730006800426942000900494999002100503160321s9999||||xx |||||||||||||| ||und|| cEnglish aXI.B Sharma bBORI-54601 aRam Sharma aSome Independent Government agencies in the Indian Constitution aSholapur bInstitution of Public Administration  av+64 cA ePaperbook u00069607.pdf aStudy aRam Sharma aSome Independent Government agencies in the Indian Constitution a"Social History,Culture" aGeneral Indology aRam Sharma aSome Independent Government agencies in the Indian Constitution cBOOK c1365200d1365197